Inteligencia emocional en el ambiente escolar (Registro nro. 25780)

Detalles MARC
000 -CABECERA
Longitud fija campo de control 01147nam a22002417a 4500
003 - IDENTIFICADOR DELl NÚMERO DE CONTROL
Identificador del número de control OSt
005 - FECHA Y HORA DE LA ÚLTIMA TRANSACCIÓN
Fecha y hora de la última transacción 20160913100331.0
008 - CÓDIGOS DE INFORMACIÓN DE LONGITUD FIJA
Códigos de información de longitud fija 140214b slv spa
040 ## - FUENTE DE LA CATALOGACIÓN
Centro transcriptor BMC
082 ## - NÚMERO DE LA CLASIFICACIÓN DECIMAL DEWEY
Númeroo de clasificación 152.4
100 1# - PUNTO DE ACCESO PRINCIPAL-NOMBRE DE PERSONA
9 (RLIN) 34071
Nombre de persona Díaz Mazariego, Leticia Beatriz
245 10 - MENCIÓN DE TÍTULO
Título Inteligencia emocional en el ambiente escolar
Resto del título : Proyecto
Mención de responsabilidad, etc. Leticia Beatriz Díaz Mazariego, Ana Catalina Mártir García, Karla Yaneth, Santos Durán
260 ## - PUBLICACIÓN, DISTRIBUCIÓN, ETC. (PIE DE IMPRENTA)
Lugar de publicación, distribución, etc. Santa Ana (El Salvador)
Nombre del editor, distribuidor, etc. Universidad Católica de El Salvador
Fecha de publicación, distribución, etc. 2016
300 ## - DESCRIPCIÓN FÍSICA
Extensión 99 h.
Otras características físicas il. col
Dimensiones 28 cm
Material anejo + 1 disco compacto
500 ## - NOTA GENERAL
Nota general Precede al tít.: Universidad Católica de El Salvador, Escuela de Postgrado, Maestría en Asesoría Educativa
502 ## - NOTA DE TESIS
Nota de tesis Trabajo de graduación para optar al grado académico de Máster en Asesoría Educativa
505 ## - NOTA DE CONTENIDO CON FORMATO
Nota de contenido con formato Contiene: Sintomas del niño celoso.- El enojo.- La ansiedad.- Reacciones faciales.-
650 24 - PUNTO DE ACCESO ADICIONAL DE MATERIA - TÉRMINO DE MATERIA
9 (RLIN) 9926
Término de materia o nombre geográfico como elemento inicial Inteligencia emocional
700 1# - PUNTO DE ACCESO ADICIONAL - NOMBRE DE PERSONA
9 (RLIN) 39567
Nombre de persona Mártir García, Ana Catalina
700 1# - PUNTO DE ACCESO ADICIONAL - NOMBRE DE PERSONA
9 (RLIN) 39568
Nombre de persona Santos Durán, Karla Yaneth
710 2# - PUNTO DE ACCESO ADICIONAL - NOMBRE DE ENTIDAD
9 (RLIN) 19868
Nombre de entidad o nombre de jurisdicción como elemento inicial Universidad Católica de El Salvador
Unidad subordinada Escuela de Postgrado
942 ## - ENTRADA DE ELEMENTOS AGREGADOS (KOHA)
Fuente de clasificaión o esquema Dewey Decimal Classification
Koha [por defecto] tipo de item 4- Trabajo de Graduación
Existencias
Suprimido Perdido Fuente de clasificación o esquema Estropeado Restricciones de uso No para préstamo Código de colección Localización permanente Localización actual Localización en estanter&íacute;as Fecha adquisición Fuente de adquisición Número de inventario Préstamos totales Signatura completa Código de barras Fecha última consulta Fecha último préstamo Fecha del precio de reemplazo Tipo de item de Koha
NULL NULL Dewey Decimal Classification NULL Prestable NULL NULL Biblioteca Miguel de Cervantes - UNICAES Biblioteca Miguel de Cervantes - UNICAES Sala Principal 25/08/2016 Donación - Alumnos 002397 7 P-002397 1037917 23/08/2019 23/08/2019 09/09/2016 4- Trabajo de Graduación